000
00319nam a22001457a 4500
008
230912b ||||| |||| 00| 0 eng d
020
_a
9780691033235
041
_a
eng
080
_a
521
082
_a
521CIU
100
_a
19
101
_a
ASTRO
245
_a
GRAVITATION AND INERTIA
_c
CIUFOLINI.I
942
_2
udc
_c
BK
999
_c
60322
_d
60322